[Event "2BLS 1718 SC Eppingen - TSV Schönaich"]
[Site "?"]
[Date "2017.12.09"]
[Round "5.5"]
[White "Danin, Alexandre"]
[Black "Hacker, Jonas"]
[Result "1/2-1/2"]
[WhiteElo "2325"]
[BlackElo "2541"]
[PlyCount "114"]
[EventDate "2017.??.??"]

1. e4 e5 2. Nf3 Nc6 3. d4 exd4 4. Nxd4 Nf6 5. Nxc6 bxc6 6. e5 Qe7 7. Qe2 Nd5 8.
c4 Nb6 9. Nd2 Qe6 10. b3 a5 11. Bb2 a4 12. g3 Bb4 13. Bg2 O-O 14. O-O d5 15.
Rfc1 axb3 16. axb3 Rxa1 17. Bxa1 Ba6 18. Nf3 Qh6 19. Rd1 dxc4 20. Nd4 Rd8 21.
Nxc6 Rxd1+ 22. Qxd1 Qd2 23. Qxd2 Bxd2 24. bxc4 Bxc4 25. Bd4 Kf8 26. f4 g6 27.
Kf2 Nd5 28. Be4 Ke8 29. Bc5 Kd7 30. Nd4 Be3+ 31. Kf3 Bd2 32. Kg4 f5+ 33. Nxf5
gxf5+ 34. Bxf5+ Kc6 35. Bf2 Ne3+ 36. Bxe3 Bxe3 37. Bxh7 Kd7 38. h4 Ke7 39. Kf3
Bd4 40. h5 c5 41. h6 Bb3 42. g4 c4 43. Bb1 Kf8 44. Ke4 Bf2 45. f5 c3 46. Kd3
Bg3 47. e6 Bxe6 48. fxe6 Bf4 49. h7 Be5 50. Ke4 Bh8 51. Kf5 Ke7 52. Bc2 Bd4 53.
Bb3 Bh8 54. g5 Bd4 55. Kg6 c2 56. Bxc2 Kxe6 57. Kh6 Kf7 1/2-1/2

[Event "2BLS 1718 SC Eppingen - TSV Schönaich"]
[Site "?"]
[Date "2017.12.09"]
[Round "5.6"]
[White "Mann, Christian"]
[Black "Volke, Karsten"]
[Result "0-1"]
[WhiteElo "2416"]
[BlackElo "2474"]
[PlyCount "94"]
[EventDate "2017.??.??"]

1. g3 e5 2. Bg2 d5 3. c4 c6 4. cxd5 cxd5 5. d4 e4 6. Nc3 Nc6 7. f3 f5 8. Nh3
Nf6 9. Bg5 Bb4 10. Nf4 O-O 11. O-O Bxc3 12. bxc3 Na5 13. Nh5 Qe8 14. Bxf6 Qxh5
15. Be7 Re8 16. Bd6 Nc4 17. Bf4 Be6 18. Rb1 Qf7 19. Qc1 Qd7 20. e3 Rac8 21. Rf2
Rc6 22. Bf1 Rec8 23. Rb4 b6 24. fxe4 fxe4 25. Bxc4 Rxc4 26. Rxc4 Rxc4 27. Qa3
Rc8 28. Be5 Bg4 29. Qd6 Qxd6 30. Bxd6 h6 31. Rc2 Kf7 32. Kf1 Bd1 33. Rc1 Ba4
34. Be5 Bb5+ 35. Ke1 Kg6 36. h4 Rf8 37. Rc2 Rf1+ 38. Kd2 Rf2+ 39. Kc1 Rf3 40.
Bf4 Rf1+ 41. Kd2 Kf5 42. Bb8 Rf2+ 43. Kc1 Rf3 44. Rg2 Kg4 45. Bxa7 Rf1+ 46. Kb2
Kf3 47. Rh2 Kxe3 0-1

[Event "2BLS 1718 SC Eppingen - TSV Schönaich"]
[Site "?"]
[Date "2017.12.09"]
[Round "5.7"]
[White "Hirneise, Jens"]
[Black "Bilchinski, Anton"]
[Result "1-0"]
[WhiteElo "2372"]
[BlackElo "2277"]
[PlyCount "61"]
[EventDate "2017.??.??"]

1. e4 g6 2. d4 Bg7 3. Nc3 d6 4. f4 a6 5. Nf3 b5 6. Bd3 Nd7 7. e5 Nh6 8. a4 b4
9. Ne4 O-O 10. O-O c5 11. c3 cxd4 12. cxd4 dxe5 13. dxe5 Qb6+ 14. Kh1 a5 15.
Qe2 Nf5 16. Rd1 Rd8 17. g4 Nd4 18. Nxd4 Qxd4 19. Bc4 Qb6 20. Be3 Qb8 21. Bxf7+
Kh8 22. Nc5 Rf8 23. Nxd7 Bxd7 24. Bd5 Bc8 25. Qg2 Ra6 26. g5 Bf5 27. Rac1 Rd8
28. Bb7 Rxd1+ 29. Rxd1 Bh3 30. Qd5 Re6 31. Qd8+ 1-0

[Event "2BLS 1718 SC Eppingen - TSV Schönaich"]
[Site "?"]
[Date "2017.12.09"]
[Round "5.8"]
[White "Gibicar, Danijel"]
[Black "Kuebler, Marcus"]
[Result "1-0"]
[WhiteElo "2261"]
[BlackElo "2007"]
[PlyCount "51"]
[EventDate "2017.??.??"]

1. e4 d6 2. d4 Nf6 3. Nc3 e5 4. Nf3 Nbd7 5. Bc4 Be7 6. O-O Nb6 7. Bd3 exd4 8.
Nxd4 O-O 9. Qf3 Nfd7 10. Qg3 Bh4 11. Qe3 Ne5 12. f4 Nxd3 13. cxd3 Qe8 14. Nf3
Bd8 15. f5 d5 16. Qf4 dxe4 17. dxe4 c6 18. Be3 f6 19. Rae1 Qf7 20. Bc5 Re8 21.
e5 fxe5 22. Nxe5 Qf6 23. Ng4 Qf7 24. Ne4 Bc7 25. Nef6+ Kh8 26. Qxc7 1-0

[Event "2BLS 1718 SC Viernheim - SV Griesheim"]
[Site "?"]
[Date "2017.12.09"]
[Round "5.1"]
[White "Grabarczyk, Miroslaw"]
[Black "Kryvoruchko, Yuriy"]
[Result "0-1"]
[WhiteElo "2412"]
[BlackElo "2689"]
[PlyCount "96"]
[EventDate "2017.??.??"]

1. d4 Nf6 2. c4 e6 3. Nf3 Bb4+ 4. Bd2 a5 5. g3 d5 6. a3 Bxd2+ 7. Nbxd2 O-O 8.
Bg2 b6 9. O-O Bb7 10. b4 dxc4 11. Nxc4 axb4 12. axb4 Qd5 13. Rxa8 Bxa8 14. Nce5
Qb5 15. Qd2 Na6 16. Rc1 Ne4 17. Qd3 Nd6 18. Ng5 Qxd3 19. Nxd3 Bxg2 20. Kxg2 Rd8
21. e3 h6 22. Nf3 f6 23. Kf1 Kf7 24. Ke2 Ke7 25. Nd2 Kd7 26. f3 Nb8 27. Ne4 Nc6
28. Ra1 Nb5 29. Kd2 e5 30. dxe5 Ke6 31. Nc3 Nxb4 32. Nxb5 Rxd3+ 33. Ke2 c5 34.
exf6 gxf6 35. Rd1 Rxd1 36. Kxd1 Kd5 37. Na3 c4 38. g4 Kc5 39. h4 Nd3 40. Nc2 b5
41. Nd4 c3 42. f4 Nxf4 43. Nf5 Ng2 44. Kc2 Kc4 45. Nd6+ Kb4 46. Nf5 Ne1+ 47.
Kd1 c2+ 48. Kd2 Kb3 0-1

[Event "2BLS 1718 SC Viernheim - SV Griesheim"]
[Site "?"]
[Date "2017.12.09"]
[Round "5.2"]
[White "Amin, Bassem"]
[Black "Bulski, Krzysztof"]
[Result "1-0"]
[WhiteElo "2689"]
[BlackElo "2534"]
[PlyCount "57"]
[EventDate "2017.??.??"]

1. e4 c5 2. Nf3 d6 3. g3 Nc6 4. Bg2 g6 5. O-O Bg7 6. c3 e5 7. d3 Nge7 8. a3 O-O
9. b4 b6 10. Bb2 h6 11. b5 Na5 12. c4 a6 13. a4 Bd7 14. Nfd2 axb5 15. axb5 Nb7
16. Nc3 Qc7 17. Rxa8 Rxa8 18. f4 Ra7 19. f5 gxf5 20. Qh5 f4 21. gxf4 exf4 22.
Nd5 Nxd5 23. Bxg7 Kxg7 24. cxd5 Qd8 25. Rxf4 Ra1+ 26. Nf1 Qe7 27. Rf3 Nd8 28.
Rg3+ Kh7 29. e5 1-0

[Event "2BLS 1718 SC Viernheim - SV Griesheim"]
[Site "?"]
[Date "2017.12.09"]
[Round "5.3"]
[White "Tazbir, Marcin"]
[Black "Smirin, Ilia"]
[Result "1-0"]
[WhiteElo "2518"]
[BlackElo "2615"]
[PlyCount "51"]
[EventDate "2017.??.??"]

1. e4 c5 2. Nf3 e6 3. d4 cxd4 4. Nxd4 a6 5. Bd3 Bc5 6. Nb3 Be7 7. Qe2 d6 8. Be3
Nc6 9. N1d2 Nf6 10. O-O O-O 11. f4 e5 12. f5 d5 13. c3 b5 14. Rad1 Bb7 15. Nc5
Bxc5 16. Bxc5 Re8 17. exd5 Nxd5 18. Ne4 Nf4 19. Qe3 Qh4 20. Nd6 Nxd3 21. Rxd3
Reb8 22. f6 g6 23. Nxf7 Kxf7 24. Rd7+ Ke6 25. Qd3 Nd4 26. Re7+ 1-0

[Event "2BLS 1718 SC Viernheim - SV Griesheim"]
[Site "?"]
[Date "2017.12.09"]
[Round "5.4"]
[White "Kovalenko, Igor"]
[Black "Jarmula, Lukasz"]
[Result "1/2-1/2"]
[WhiteElo "2639"]
[BlackElo "2463"]
[PlyCount "50"]
[EventDate "2017.??.??"]

1. e4 e6 2. d4 d5 3. Nd2 c5 4. Ngf3 cxd4 5. exd5 Qxd5 6. Bc4 Qd7 7. O-O Nc6 8.
Nb3 a6 9. Nbxd4 Nxd4 10. Nxd4 Qc7 11. Bb3 Bd6 12. h4 Nf6 13. Re1 Bd7 14. Bg5
O-O-O 15. Qf3 Bh2+ 16. Kh1 Be5 17. Rad1 h6 18. Be3 Kb8 19. Rd3 Bd6 20. Rc3 Qa5
21. Bd2 Qb6 22. Be3 Qa5 23. Bd2 Qb6 24. Be3 Qa5 25. Bd2 Qb6 1/2-1/2

[Event "2BLS 1718 SC Viernheim - SV Griesheim"]
[Site "?"]
[Date "2017.12.09"]
[Round "5.5"]
[White "Baskin, Robert"]
[Black "Fedorchuk, Sergey"]
[Result "1-0"]
[WhiteElo "2320"]
[BlackElo "2648"]
[PlyCount "79"]
[EventDate "2017.??.??"]

1. d4 Nf6 2. c4 e6 3. g3 Bb4+ 4. Nd2 O-O 5. Bg2 d5 6. Ngf3 b6 7. O-O Bb7 8. a3
Be7 9. b4 a5 10. b5 c5 11. Bb2 Nbd7 12. Ne5 Qc7 13. cxd5 exd5 14. e3 a4 15. Qe2
Rfe8 16. Rfd1 Nf8 17. Rac1 Ne6 18. Nb1 Bd6 19. Ng4 Ne4 20. f3 N4g5 21. h4 h5
22. hxg5 hxg4 23. f4 Nxf4 24. gxf4 Bxf4 25. Qxg4 Bxe3+ 26. Kh1 Bxc1 27. Bxc1
cxd4 28. Bb2 Re6 29. Bxd4 Rae8 30. Nd2 Qc2 31. Nf1 Re2 32. g6 fxg6 33. Ra1 R8e4
34. Bxe4 Rxe4 35. Qh3 g5 36. Ne3 Qe2 37. Nf5 g4 38. Qg3 Bc8 39. Qc7 Qf3+ 40.
Kg1 1-0

[Event "2BLS 1718 SC Viernheim - SV Griesheim"]
[Site "?"]
[Date "2017.12.09"]
[Round "5.6"]
[White "Tarlev, Konstantin"]
[Black "Spitzl, Vinzent"]
[Result "1-0"]
[WhiteElo "2541"]
[BlackElo "2287"]
[PlyCount "89"]
[EventDate "2017.??.??"]

1. e4 c5 2. Nf3 d6 3. d4 cxd4 4. Nxd4 Nf6 5. Nc3 a6 6. h3 e5 7. Nb3 h5 8. Be3
Be6 9. f4 exf4 10. Bxf4 h4 11. Be2 Nc6 12. Qd2 d5 13. exd5 Nxd5 14. Nxd5 Qxd5
15. O-O-O Qxd2+ 16. Rxd2 Be7 17. Bf3 O-O 18. Nd4 Nxd4 19. Rxd4 Ra7 20. Be3 Bc5
21. Re4 Bxe3+ 22. Rxe3 b5 23. Rd1 Rc8 24. a3 Rac7 25. c3 a5 26. Bd5 Bxd5 27.
Rxd5 b4 28. Rxa5 bxc3 29. b4 c2 30. Rd5 f6 31. b5 Rc4 32. Rd2 Kf7 33. b6 Rb8
34. Rd7+ Kg6 35. Rc7 Rxc7 36. bxc7 Rc8 37. Rc3 Kf7 38. Kxc2 Ke7 39. Kd3 f5 40.
Ke3 g5 41. Rc5 Ke6 42. a4 g4 43. Kf4 gxh3 44. gxh3 Kd6 45. Rc1 1-0

[Event "2BLS 1718 SC Viernheim - SV Griesheim"]
[Site "?"]
[Date "2017.12.09"]
[Round "5.7"]
[White "Koehler, Ronald"]
[Black "Mandel, Andreas"]
[Result "1-0"]
[WhiteElo "2266"]
[BlackElo "2397"]
[PlyCount "79"]
[EventDate "2017.??.??"]

1. d4 Nf6 2. c4 g6 3. Nc3 Bg7 4. e4 d6 5. f4 O-O 6. Nf3 Nbd7 7. e5 Ne8 8. c5 c6
9. Be3 Nc7 10. Bc4 b6 11. b4 bxc5 12. bxc5 dxc5 13. dxc5 Ba6 14. Qa4 Bxc4 15.
Qxc4 Qc8 16. Nd4 Nd5 17. Bd2 Nxc3 18. Bxc3 e6 19. Nb3 Rb8 20. O-O Rb7 21. Nd2
Re8 22. Ne4 Bf8 23. Rad1 Be7 24. Rd6 Bxd6 25. exd6 Rf8 26. Nf6+ Nxf6 27. Bxf6
Qb8 28. Qd3 Qc8 29. Rd1 Qd7 30. Qg3 h5 31. Qg5 Kh7 32. h3 Rfb8 33. Rd2 e5 34.
fxe5 Qe6 35. Kh2 a5 36. a3 Qd7 37. Rd4 Rh8 38. Bxh8 Kxh8 39. Qf6+ Kh7 40. Re4
1-0

[Event "2BLS 1718 SC Viernheim - SV Griesheim"]
[Site "?"]
[Date "2017.12.09"]
[Round "5.8"]
[White "Meinhardt, Maximilian"]
[Black "de Visser, Leon"]
[Result "1/2-1/2"]
[WhiteElo "2390"]
[BlackElo "2205"]
[PlyCount "118"]
[EventDate "2017.??.??"]

1. e4 c6 2. Nc3 d5 3. Qe2 dxe4 4. Nxe4 Nf6 5. Nxf6+ gxf6 6. Nf3 Bg4 7. h3 Bh5
8. g4 Bg6 9. d4 e6 10. c3 Nd7 11. Bg2 Qc7 12. Be3 Bd6 13. Nd2 O-O-O 14. Nc4 Bf4
15. Bf3 Bxe3 16. fxe3 f5 17. Qh2 fxg4 18. hxg4 e5 19. O-O-O exd4 20. exd4 Qxh2
21. Rxh2 Kc7 22. Re1 Rde8 23. Rxe8 Rxe8 24. Kd2 f6 25. Ne3 Kd6 26. b4 b6 27. a4
Re7 28. Rh6 Nf8 29. Nf5+ Bxf5 30. Rxf6+ Be6 31. Rxf8 Rg7 32. Rf6 a5 33. Bxc6
Ke7 34. Rh6 axb4 35. cxb4 Rxg4 36. Ke3 Rg3+ 37. Kf4 Rg4+ 38. Ke5 Rg5+ 39. Kf4
Rg4+ 40. Ke3 Rg3+ 41. Kd2 Rh3 42. Rxh3 Bxh3 43. Bf3 Kd6 44. Ke3 Bd7 45. a5 bxa5
46. bxa5 Bb5 47. Kf4 Kc7 48. Ke5 h5 49. d5 h4 50. d6+ Kb8 51. Bg4 Kb7 52. Bh3
Ba4 53. Bf1 Bd7 54. Kf6 h3 55. Ke7 Bg4 56. a6+ Kb6 57. d7 Bxd7 58. Kxd7 h2 59.
Bg2 Kxa6 1/2-1/2

[Event "2BLS 1718 FB Mörlenbach-Birkenau - SC "]
[Site "?"]
[Date "2017.12.09"]
[Round "5.1"]
[White "Sadzikowski, Daniel"]
[Black "Kunin, Vitaly"]
[Result "0-1"]
[WhiteElo "2584"]
[BlackElo "2541"]
[PlyCount "60"]
[EventDate "2017.??.??"]

1. d4 e6 2. c4 Bb4+ 3. Nd2 b6 4. a3 Bxd2+ 5. Qxd2 Bb7 6. Nf3 Nf6 7. e3 d6 8.
Be2 Nbd7 9. O-O O-O 10. b4 Qe7 11. Bb2 a5 12. b5 Ne4 13. Qc1 f5 14. Ne1 Rae8
15. f3 Ng5 16. Nd3 e5 17. c5 bxc5 18. dxc5 dxc5 19. Nf2 Kh8 20. Qc2 Nb6 21. a4
Nd5 22. Rfc1 Ne6 23. Nd1 Qg5 24. Qb3 f4 25. h4 Qxh4 26. e4 Nd4 27. Bxd4 exd4
28. Rxc5 Ne3 29. Bf1 Bxe4 30. Nxe3 fxe3 0-1

[Event "2BLS 1718 FB Mörlenbach-Birkenau - SC "]
[Site "?"]
[Date "2017.12.09"]
[Round "5.2"]
[White "Galdunts, Sergey"]
[Black "Khenkin, Igor"]
[Result "1/2-1/2"]
[WhiteElo "2423"]
[BlackElo "2554"]
[PlyCount "28"]
[EventDate "2017.??.??"]

1. e4 Nf6 2. Nc3 e5 3. Nf3 Nc6 4. Bb5 Nd4 5. Ba4 c6 6. d3 b5 7. Bb3 Nxb3 8.
axb3 d6 9. O-O Be7 10. d4 Qc7 11. Re1 Bg4 12. h3 Bh5 13. Qd3 O-O 14. Ne2 Bg6
1/2-1/2

[Event "2BLS 1718 FB Mörlenbach-Birkenau - SC "]
[Site "?"]
[Date "2017.12.09"]
[Round "5.3"]
[White "Wieczorek, Oskar"]
[Black "Dittmar, Peter"]
[Result "1/2-1/2"]
[WhiteElo "2463"]
[BlackElo "2280"]
[PlyCount "103"]
[EventDate "2017.??.??"]

1. e4 c6 2. d4 d5 3. e5 c5 4. Nf3 cxd4 5. Nxd4 Nc6 6. c4 e6 7. Nc3 Bc5 8. Nxc6
bxc6 9. cxd5 cxd5 10. b4 Be7 11. Bd2 Nh6 12. Bd3 Nf5 13. O-O O-O 14. Qg4 f6 15.
exf6 Bxf6 16. Rac1 Ne7 17. Bg5 e5 18. Qg3 e4 19. Nxe4 dxe4 20. Bxf6 Rxf6 21.
Bxe4 Be6 22. Rfd1 Qe8 23. Bxa8 Qxa8 24. Qd6 Rg6 25. Qd8+ Qxd8 26. Rxd8+ Kf7 27.
Rd2 Bd5 28. f3 Ra6 29. Rc7 Be6 30. Kf2 Kf6 31. Rcc2 Nd5 32. Rd4 Ra4 33. Rb2 a5
34. a3 Nc3 35. g3 g5 36. h4 gxh4 37. gxh4 Nb5 38. Rf4+ Bf5 39. Rc2 Nd6 40. Rc5
axb4 41. axb4 Ra2+ 42. Kg3 Ke6 43. Rd4 Ra6 44. Kf4 Bb1 45. h5 Rb6 46. Rc1 Ba2
47. Rc2 Bb3 48. Rc7 Nf7 49. Rc3 Ba4 50. Ra3 Bc2 51. Rc4 Bf5 52. Ra5 1/2-1/2

[Event "2BLS 1718 FB Mörlenbach-Birkenau - SC "]
[Site "?"]
[Date "2017.12.09"]
[Round "5.4"]
[White "Legde, Georg"]
[Black "Poetsch, Hagen"]
[Result "1/2-1/2"]
[WhiteElo "2324"]
[BlackElo "2485"]
[PlyCount "97"]
[EventDate "2017.??.??"]

1. d4 Nf6 2. c4 e6 3. Nf3 d5 4. Nc3 dxc4 5. e4 Bb4 6. Bg5 h6 7. Bxf6 Qxf6 8.
Bxc4 O-O 9. O-O c5 10. e5 Qd8 11. a3 Bxc3 12. bxc3 Qa5 13. Qd3 Bd7 14. Rfb1 Bc6
15. d5 exd5 16. Bxd5 Rd8 17. c4 Na6 18. Qe4 Nc7 19. Bxc6 bxc6 20. Qxc6 Ne6 21.
Qe4 Rab8 22. Qe3 Qa4 23. Qc3 Rxb1+ 24. Rxb1 Nf4 25. Qe3 Qxc4 26. g3 Ne2+ 27.
Kg2 Nc3 28. Rc1 Rd3 29. Qf4 Qd5 30. Re1 c4 31. Re3 Nb1 32. e6 Rxe3 33. fxe3 Qb7
34. e7 Qxe7 35. Qb8+ Qf8 36. Qxb1 Qxa3 37. Qf5 c3 38. Qc8+ Kh7 39. Qf5+ Kg8 40.
Qc2 a5 41. Nd4 a4 42. Kf3 Qa1 43. Ke2 a3 44. Nb5 Qh1 45. Nxa3 Qxh2+ 46. Kf3
Qh1+ 47. Kf2 Qh2+ 48. Kf3 Qh1+ 49. Kf2 1/2-1/2

[Event "2BLS 1718 FB Mörlenbach-Birkenau - SC "]
[Site "?"]
[Date "2017.12.09"]
[Round "5.5"]
[White "Polak, Tomas"]
[Black "Klings, Peter"]
[Result "1/2-1/2"]
[WhiteElo "2512"]
[BlackElo "2153"]
[PlyCount "135"]
[EventDate "2017.??.??"]

1. d4 Nf6 2. c4 c5 3. d5 b5 4. cxb5 a6 5. bxa6 g6 6. Nc3 Bxa6 7. g3 d6 8. Bg2
Bg7 9. Nf3 Nfd7 10. Qc2 Nb6 11. Nd2 Bb7 12. O-O Na6 13. a3 O-O 14. Rb1 Nc7 15.
e4 Ba6 16. Re1 Nb5 17. Nxb5 Bxb5 18. b3 Qc8 19. a4 Ba6 20. Bb2 Bxb2 21. Qxb2
Nd7 22. Qc3 Rb8 23. f4 Qb7 24. e5 Qb4 25. Qe3 Nb6 26. a5 Na8 27. Ra1 Nc7 28.
Ra4 Qb7 29. f5 Nxd5 30. Qh6 c4 31. bxc4 Qa7+ 32. Kh1 Qf2 33. Rf1 Qe3 34. Qxe3
Nxe3 35. Rf2 Nxg2 36. Kxg2 dxe5 37. f6 Rfe8 38. fxe7 Rxe7 39. Rf6 Ra7 40. Kf2
Bc8 41. Rd6 Bd7 42. Ra3 Rc8 43. a6 Kf8 44. Ra5 Rc6 45. c5 Ke7 46. Nc4 f6 47.
Ke3 Rxd6 48. cxd6+ Ke6 49. Nb6 Kxd6 50. Rd5+ Kc6 51. Rxd7 Rxa6 52. Rf7 Ra3+ 53.
Ke4 Kxb6 54. Rxf6+ Kc5 55. Kxe5 Re3+ 56. Kf4 Re7 57. h4 Kd5 58. Ra6 Rf7+ 59.
Kg5 Rf5+ 60. Kh6 Rh5+ 61. Kg7 Ke4 62. Ra3 Kd4 63. Ra4+ Ke3 64. Rf4 Ke2 65. Rf7
g5 66. Rf5 gxh4 67. Rxh5 hxg3 68. Kxh7 1/2-1/2

[Event "2BLS 1718 FB Mörlenbach-Birkenau - SC "]
[Site "?"]
[Date "2017.12.09"]
[Round "5.6"]
[White "Felgendreher, Heiko"]
[Black "Klekowski, Maciej"]
[Result "1/2-1/2"]
[WhiteElo "2183"]
[BlackElo "2498"]
[PlyCount "119"]
[EventDate "2017.??.??"]

1. e4 c5 2. Nf3 Nc6 3. d4 cxd4 4. Nxd4 e6 5. Nc3 a6 6. Be3 Nf6 7. Bd3 Qc7 8.
Nxc6 bxc6 9. O-O Rb8 10. Rb1 Be7 11. Kh1 h5 12. f4 Ng4 13. Bg1 d6 14. Qe2 Qa5
15. a3 c5 16. Qf3 g6 17. h3 Qc7 18. Qg3 f5 19. Qe1 Kf8 20. Bc4 Bf6 21. Qe2 Kg7
22. Bxa6 Bxa6 23. Qxa6 Bxc3 24. bxc3 Nf6 25. e5 Ne4 26. exd6 Qd7 27. Rfd1 Rhc8
28. Rxb8 Rxb8 29. Qa5 Rc8 30. c4 Kf7 31. Be3 Rc6 32. Rd3 Rxd6 33. Bxc5 Rxd3 34.
cxd3 Qxd3 35. Qc7+ Kg8 36. Qc8+ Kh7 37. Qb7+ Kg8 38. Qa8+ Kh7 39. Qa7+ Kg8 40.
Qb8+ Kh7 41. Qc7+ Kg8 42. Be7 Qf1+ 43. Kh2 Nf2 44. Bb4 Qh1+ 45. Kg3 Ne4+ 46.
Kh4 Qxg2 47. Qc8+ Kh7 48. Qd7+ Kh8 49. Qe8+ Kh7 50. Qf7+ Kh8 51. Bc3+ Nxc3 52.
Qf6+ Kh7 53. Qxc3 g5+ 54. fxg5 Qf2+ 55. Qg3 Qd4+ 56. Kxh5 Qd1+ 57. Kh4 Qd4+ 58.
Kh5 Qd1+ 59. Kh4 Qd4+ 60. Kh5 1/2-1/2

[Event "2BLS 1718 FB Mörlenbach-Birkenau - SC "]
[Site "?"]
[Date "2017.12.09"]
[Round "5.7"]
[White "Weichhold, Pawel"]
[Black "Schaefer, Michael"]
[Result "1-0"]
[WhiteElo "2421"]
[BlackElo "2159"]
[PlyCount "55"]
[EventDate "2017.??.??"]

1. e4 c5 2. Nf3 g6 3. d4 cxd4 4. Nxd4 Bg7 5. Nc3 Nc6 6. Be3 Nf6 7. Bc4 O-O 8.
Bb3 d5 9. exd5 Na5 10. h3 Nxb3 11. Nxb3 b6 12. O-O Bb7 13. d6 e6 14. Qd3 Qd7
15. a4 Rfd8 16. Rfd1 Qc6 17. f3 Nh5 18. a5 Be5 19. a6 Bc8 20. Nb5 Bxb2 21. N3d4
Bxd4 22. Bxd4 Nf4 23. Qe3 Nxh3+ 24. gxh3 Qxb5 25. Bf6 Qe8 26. Qh6 Qf8 27. Qxf8+
Rxf8 28. d7 1-0

[Event "2BLS 1718 FB Mörlenbach-Birkenau - SC "]
[Site "?"]
[Date "2017.12.09"]
[Round "5.8"]
[White "Frei, Markus"]
[Black "Barski, Radoslaw"]
[Result "0-1"]
[WhiteElo "1965"]
[BlackElo "2452"]
[PlyCount "52"]
[EventDate "2017.??.??"]

1. e4 c5 2. Nf3 d6 3. d4 cxd4 4. Nxd4 Nf6 5. Nc3 a6 6. h3 e5 7. Nb3 Be6 8. g4
h6 9. Bg2 Nbd7 10. Be3 Qc7 11. Qd2 Be7 12. O-O-O b5 13. g5 hxg5 14. Bxg5 Rc8
15. Kb1 b4 16. Nd5 Nxd5 17. exd5 Bf5 18. Rc1 f6 19. Be3 a5 20. Qe2 a4 21. Nd2
Bxc2+ 22. Ka1 a3 23. Nb1 Rh4 24. f4 f5 25. Bf3 Bf6 26. Rhd1 Rxf4 0-1

[Event "2BLS 1718 SC Böblingen - SC Eppingen"]
[Site "?"]
[Date "2017.12.10"]
[Round "6.1"]
[White "Noe, Christopher"]
[Black "Gaehwiler, Gabriel"]
[Result "1-0"]
[WhiteElo "2468"]
[BlackElo "2426"]
[PlyCount "55"]
[EventDate "2017.??.??"]

1. d4 Nf6 2. c4 e6 3. Nc3 Bb4 4. Qc2 O-O 5. a3 Bxc3+ 6. Qxc3 b5 7. cxb5 c6 8.
Bg5 cxb5 9. Nf3 Nc6 10. e3 Ba6 11. b4 h6 12. Bh4 g5 13. Bg3 Rc8 14. Qb2 Ne4 15.
Bd3 d5 16. O-O f5 17. Rfc1 Ne7 18. Ne5 Rc4 19. Nxc4 dxc4 20. Bxe4 fxe4 21. a4
Nc6 22. Qb1 Qd5 23. axb5 Bxb5 24. f3 exf3 25. Qg6+ Kh8 26. gxf3 Rxf3 27. Rf1
Nxd4 28. e4 1-0

[Event "2BLS 1718 SC Böblingen - SC Eppingen"]
[Site "?"]
[Date "2017.12.10"]
[Round "6.2"]
[White "Kuklin, Valentin"]
[Black "Mesaros, Florian"]
[Result "1/2-1/2"]
[WhiteElo "2377"]
[BlackElo "2409"]
[PlyCount "95"]
[EventDate "2017.??.??"]

1. e4 e5 2. Nf3 Nc6 3. Bb5 a6 4. Ba4 Nf6 5. O-O Be7 6. Re1 b5 7. Bb3 d6 8. c3
O-O 9. d3 Na5 10. Bc2 c5 11. Nbd2 Re8 12. Nf1 Bf8 13. d4 exd4 14. cxd4 Bg4 15.
Ne3 Bxf3 16. Qxf3 Nc6 17. Nf5 Nxd4 18. Nxd4 cxd4 19. Bg5 Be7 20. Rad1 Qc7 21.
Qd3 Qc5 22. f4 Rac8 23. Bb1 Bd8 24. h3 Kf8 25. Bh4 Qh5 26. Bf2 Rxe4 27. Rxe4
Nxe4 28. Bxd4 Nc5 29. Bxc5 Qxc5+ 30. Kh2 Qc4 31. Qxd6+ Be7 32. Qd4 Qxd4 33.
Rxd4 Rc1 34. Be4 Bc5 35. Rd7 Ke8 36. Rb7 Be3 37. Kg3 Bd4 38. b3 Rc3+ 39. Bf3
Rc2 40. a4 bxa4 41. bxa4 Bf2+ 42. Kg4 Rc5 43. Be2 a5 44. Bb5+ Kf8 45. Rb8+ Ke7
46. Rb7+ Kf8 47. Rb8+ Ke7 48. Rb7+ 1/2-1/2

[Event "2BLS 1718 SC Böblingen - SC Eppingen"]
[Site "?"]
[Date "2017.12.10"]
[Round "6.3"]
[White "Medvegy, Zoltan"]
[Black "Vujic, Branimir"]
[Result "1-0"]
[WhiteElo "2539"]
[BlackElo "2328"]
[PlyCount "78"]
[EventDate "2017.??.??"]

1. e4 d5 2. exd5 Nf6 3. d4 Nxd5 4. c4 Nb6 5. Nf3 g6 6. c5 Nd5 7. Bc4 c6 8. O-O
Bg7 9. Nc3 Be6 10. Ng5 Nxc3 11. Nxe6 Nxd1 12. Nxd8 Kxd8 13. Rxd1 e6 14. b4 Na6
15. Rb1 Nc7 16. a4 Kc8 17. b5 Rd8 18. Be3 Rd7 19. Rd3 Kd8 20. g3 Ke7 21. bxc6
bxc6 22. Rb7 Nd5 23. Rdb3 Rad8 24. Bxd5 exd5 25. a5 Rxb7 26. Rxb7+ Rd7 27. a6
Bf6 28. Kf1 g5 29. Ke2 Ke6 30. Rb8 Rd8 31. Rb7 Rd7 32. Rb6 Rc7 33. Rb8 Re7 34.
Kd3 Kd7 35. g4 Kc7 36. Ra8 h6 37. f3 Kd7 38. Rxa7+ Kc8 39. Ra8+ Kc7 1-0

[Event "2BLS 1718 SC Böblingen - SC Eppingen"]
[Site "?"]
[Date "2017.12.10"]
[Round "6.4"]
[White "Ortmann, David"]
[Black "Guliyev, Namig"]
[Result "1-0"]
[WhiteElo "2305"]
[BlackElo "2547"]
[PlyCount "79"]
[EventDate "2017.??.??"]

1. d4 d5 2. c4 dxc4 3. e4 Nf6 4. e5 Nd5 5. Bxc4 c6 6. Nc3 Nb6 7. Bb3 Bf5 8.
Nge2 e6 9. Be3 Na6 10. Nf4 Be7 11. h4 h6 12. Nh5 Rg8 13. g4 Bh7 14. g5 hxg5 15.
hxg5 Bf5 16. Bc2 g6 17. Bxf5 exf5 18. Nf6+ Bxf6 19. gxf6 Nc7 20. Qb3 Ncd5 21.
a4 a5 22. Nxd5 Nxd5 23. Qxb7 Rb8 24. Qxc6+ Qd7 25. Rc1 f4 26. Bd2 g5 27. Rh7
Rf8 28. Bxa5 f3 29. Bd2 g4 30. Rc5 Qxc6 31. Rxc6 Rxb2 32. Rc8+ Kd7 33. Rxf8
Rb1+ 34. Bc1 Rxc1+ 35. Kd2 Ra1 36. Rfxf7+ Ke6 37. Re7+ Kf5 38. f7 Ke4 39. Kc2
g3 40. Rh4+ 1-0

[Event "2BLS 1718 SC Böblingen - SC Eppingen"]
[Site "?"]
[Date "2017.12.10"]
[Round "6.5"]
[White "Hacker, Jonas"]
[Black "Tran, Thanh Kien"]
[Result "1-0"]
[WhiteElo "2325"]
[BlackElo "2222"]
[PlyCount "91"]
[EventDate "2017.??.??"]

1. e4 c5 2. Nf3 d6 3. d4 cxd4 4. Nxd4 Nf6 5. Nc3 a6 6. Bg5 Nbd7 7. Qe2 b5 8.
O-O-O Bb7 9. f4 Rc8 10. Nd5 e6 11. Nxf6+ gxf6 12. Bh4 Qa5 13. Kb1 Be7 14. g3
Nc5 15. Nb3 Qb6 16. Nxc5 Rxc5 17. Bg2 a5 18. Rd2 f5 19. Bxe7 Kxe7 20. Rhd1 Rd8
21. e5 d5 22. Qh5 b4 23. Qh4+ Ke8 24. Qxh7 a4 25. Qh8+ Kd7 26. Qf6 a3 27. Bxd5
Kc7 28. Qxf7+ Rd7 29. Qxd7+ Kxd7 30. Bxb7+ Kc7 31. Rd7+ Kb8 32. Bh1 Rc7 33.
Rd8+ Rc8 34. R8d7 Rc7 35. Rd8+ Rc8 36. R8d3 Qf2 37. Rc1 axb2 38. Kxb2 Rc3 39.
Rd6 Qa7 40. Rxe6 Qa3+ 41. Kb1 Rc5 42. Rd6 Ra5 43. Bd5 Ra6 44. Rf6 Kc7 45. Bb3
Rc6 46. Rd1 1-0

[Event "2BLS 1718 SC Böblingen - SC Eppingen"]
[Site "?"]
[Date "2017.12.10"]
[Round "6.6"]
[White "Bauer, Peter"]
[Black "Mann, Christian"]
[Result "1-0"]
[WhiteElo "2194"]
[BlackElo "2416"]
[PlyCount "49"]
[EventDate "2017.??.??"]

1. e4 e6 2. d4 d5 3. Nc3 Nf6 4. e5 Nfd7 5. f4 c5 6. Nf3 Nc6 7. Be3 Be7 8. Qd2
b6 9. Nd1 a5 10. Bb5 Qc7 11. c3 Ba6 12. Bxa6 Rxa6 13. O-O c4 14. f5 exf5 15.
Bf4 Qd8 16. Ne3 g5 17. Nxg5 Bxg5 18. Nxf5 Be7 19. Ng7+ Kf8 20. Bh6 Kg8 21. Qf4
f6 22. Qg4 Ndxe5 23. dxe5 Nxe5 24. Qe6+ Nf7 25. Nf5 1-0

[Event "2BLS 1718 SC Böblingen - SC Eppingen"]
[Site "?"]
[Date "2017.12.10"]
[Round "6.7"]
[White "Bilchinski, Anton"]
[Black "Bathray, Johannes"]
[Result "1-0"]
[WhiteElo "2277"]
[BlackElo "2161"]
[PlyCount "83"]
[EventDate "2017.??.??"]

1. d4 Nf6 2. c4 c5 3. d5 b5 4. cxb5 a6 5. bxa6 g6 6. Nc3 Bxa6 7. e4 Bxf1 8.
Kxf1 d6 9. g3 Bg7 10. Nf3 Nbd7 11. Kg2 O-O 12. a4 Qa5 13. Bd2 Qa6 14. Qc2 Rfc8
15. b3 Ne8 16. Ra2 Ne5 17. Nxe5 Bxe5 18. a5 c4 19. Rb1 cxb3 20. Rxb3 Rc5 21.
Rba3 Rac8 22. Qa4 Nf6 23. Qb4 Bxc3 24. Rxc3 Qe2 25. Re3 Qh5 26. h3 Rc4 27. Qb7
R8c7 28. a6 Kg7 29. Qb2 Qd1 30. Bc3 Ra4 31. Rxa4 Qxa4 32. Bxf6+ exf6 33. Rf3
Qxe4 34. Qxf6+ Kh6 35. Qxd6 Rc1 36. Qf4+ Qxf4 37. Rxf4 Ra1 38. Rxf7 Rxa6 39.
Kf3 g5 40. Ke4 Kg6 41. Rf8 Kg7 42. Rf3 1-0